Countries with Nine Letters - Statistics

General Stats
  • This quiz has been taken 43 times
  • The average score is 8 of 13
Answer Stats
Answer % Correct
Australia
94%
Venezuela
94%
Argentina
91%
Nicaragua
74%
Guatemala
69%
Indonesia
63%
Lithuania
63%
Macedonia
57%
Costa Rica
54%
San Marino
54%
Mauritius
46%
Singapore
34%
Cape Verde
31%
No matching quizzes found
Score Distribution
Percent of People with Each Score
Percentile by Number Answered
Your Score History
You have not taken this quiz